00337pab a2200133 454500008004000000100002400040245003300064260000900097300001300106362001100119650002800130650001100158773003400169180718b2009 xxu||||| |||| 00| 0 eng d aSingh, Birinder Pal aEx-criminal tribes of Punjab c2009 ap.58-65. a20 Dec aTribes - India - Punjab aTribes aEconomic and Political Weekly